Japan : (Record no. 17695)

MARC details
000 -LEADER
fixed length control field 00624nam a2200229 i 4500
001 - CONTROL NUMBER
control field C2-0086424
003 - CONTROL NUMBER IDENTIFIER
control field PPAK
005 - DATE AND TIME OF LATEST TRANSACTION
control field 20180727091011.0
008 - FIXED-LENGTH DATA ELEMENTS--GENERAL INFORMATION
fixed length control field 970504s1983 ja |||| ||||| | eng d
020 ## - INTERNATIONAL STANDARD BOOK NUMBER
International Standard Book Number 087011610X
040 ## - CATALOGING SOURCE
Original cataloging agency PPAK
Language of cataloging eng
Transcribing agency PPAK
Description conventions rda
082 04 - DEWEY DECIMAL CLASSIFICATION NUMBER
Classification number 952.032
Edition number 23
090 00 - LOCALLY ASSIGNED LC-TYPE CALL NUMBER (OCLC); LOCAL CALL NUMBER (RLIN)
Classification number (OCLC) (R) ; Classification number, CALL (RLIN) (NR) 952.032
Feature heading MUR
Feature heading G
100 1# - MAIN ENTRY--PERSONAL NAME
Personal name Murakami, Hiyoe,
Relator term author
245 10 - TITLE STATEMENT
Title Japan :
Remainder of title the years of trial 1919-52
264 #1 - PRODUCTION, PUBLICATION, DISTRIBUTION, MANUFACTURE, AND COPYRIGHT NOTICE
Place of production, publication, distribution, manufacture Tokyo, Japan :
Name of producer, publisher, distributor, manufacturer Kadansha International ,
Date of production, publication, distribution, manufacture, or copyright notice 1983
300 ## - PHYSICAL DESCRIPTION
Extent 246 pages ;
Dimensions 19 cm
336 ## - CONTENT TYPE
Source rdacontent
Content type term text
337 ## - MEDIA TYPE
Source rdamedia
Media type term unmediated
338 ## - CARRIER TYPE
Source rdacarrier
Carrier type term volume
942 ## - ADDED ENTRY ELEMENTS (KOHA)
-- dc
Koha item type Book
Holdings
Withdrawn Not for loan Current library Shelving location Date acquired Full call number Barcode Date last seen Koha item type
    Perpustakaan Alor Setar Pinjaman Dewasa 27/07/1997 952.032 MUR A00038515 08/05/2018 Book
    Perpustakaan Alor Setar Pinjaman Dewasa 27/07/1997 952.032 MUR A00038514 08/05/2018 Book